| 000 | 00000nam##2200000za#4500 |
| 001 | 9.558133 |
| 003 | CaOODSP |
| 005 | 20221005083644 |
| 007 | cr ||||||||||| |
| 008 | 150406|2002||||xxc|||||o f|0| 0 eng|d |
| 020 | |a0-662-32062-X |
| 022 | |a1925-0649 |
| 040 | |aCaOODSP|beng |
| 043 | |an-cn--- |
| 086 | 1 |aH113-5/2002-3E-IN |
| 110 | 1 |aCanada. |bPest Management Regulatory Agency. |
| 245 | 10|aChromated Copper Arsenate (CCA) |h[electronic resource] |
| 260 | |aOttawa - Ontario : |bHealth Canada. |cApril 3, 2002. |
| 300 | |a2p. |
| 490 | 1 |aRe-evaluation note |x1925-0649|vREV 2002-03 |
| 590 | |a12-01-Supp|b2012-01-13 |
| 775 | 08|tArséniate de cuivre et de chrome (ACC) |w(CaOODSP)9.591057 |
| 776 | 0#|tChromated Copper Arsenate (CCA) |w(CaOODSP)9.615951 |
| 830 | #0|aRe-evaluation note (Canada. Pest Management Regulatory Agency)|x1925-0649|vREV 2002-03|w(CaOODSP)9.504460 |
| 856 | 40|ahttp://publications.gc.ca|qPDF|s130 KB|uhttps://publications.gc.ca/collections/Collection/H113-5-2002-3E.pdf|yREV 2002-03 |